MARC

LEADER 00000nam0a2200000 4500
001 363998
005 20231102011638.0
035 |a (RuTPU)RU\TPU\retro\21347 
090 |a 363998 
100 |a 20211022d1980 m y0rusy50 ca 
101 0 |a rus 
102 |a RU 
105 |a a j 001zy 
200 1 |a Автоматизация производственных процессов в строительстве  |e учебное пособие для вузов  |f Саратовский политехнический институт 
210 |a Саратов  |c [Б. и.]  |d 1980 
215 |a 76 с.  |c ил. 
320 |a Библиогр.: с. 75 
606 1 |a Строительные работы  |x Автоматизация и механизация комплексная  |2 stltpush  |3 (RuTPU)RU\TPU\subj\57736  |9 75594 
610 1 |a электроприводы 
610 1 |a автоматизированное управление 
610 1 |a поточно-транспортные системы 
610 1 |a дробильно-сортировочное производство 
610 1 |a бетонные смеси 
610 1 |a приготовление 
610 1 |a тепловые процессы 
610 1 |a учебные пособия 
675 |a 69:65.011.5(075.8)  |v 4 
712 0 2 |a Саратовский политехнический институт  |c (1960-1992)  |2 stltpush  |3 (RuTPU)RU\TPU\col\283  |9 23321 
801 1 |a RU  |b 63413507  |c 20211022 
942 |c BK